[Event "FRA-chT2 North 0809"]
[Site "France"]
[Date "2008.11.23"]
[Round "3.8"]
[White "Vercoutere, Julie"]
[Black "L'Huillier, Helene"]
[Result "1-0"]
[WhiteElo "1590"]
[BlackElo "1961"]
[PlyCount "99"]
[EventDate "2008.10.19"]
[EventType "team-tourn"]
[EventRounds "11"]
[EventCountry "FRA"]
[SourceTitle "EXT 2010"]
[Source "ChessBase"]
[SourceDate "2010.11.25"]
[SourceVersion "1"]
[SourceVersionDate "2010.11.25"]
[SourceQuality "1"]
[WhiteTeam "Noyon II"]
[BlackTeam "Le Touquet"]
[WhiteTeamCountry "FRA"]
[BlackTeamCountry "FRA"]

1. e4 e5 2. Nf3 Nc6 3. Bc4 Nf6 4. d3 d6 5. 0-0 Be7 6. c3 0-0 7. Re1 Bg4 8. Nbd2 Nd7 9. h3 Bh5 10. Nf1 Na5 11. Bb3 Nxb3 12. axb3 c5 13. Ng3 Bg6 14. Be3 f5 15. exf5 Bxf5 16. Ne4 d5 17. Ng3 Bg6 18. Ra4 d4 19. Bc1 Bd6 20. Ne4 Bxe4 21. Rxe4 Nf6 22. Bg5 Qc7 23. Rh4 Nd5 24. Bd2 Qf7 25. c4 Nf6 26. b4 b6 27. bxc5 bxc5 28. Ra6 Qd7 29. Qe1 Rae8 30. b4 cxb4 31. Bxb4 Bxb4 32. Qxb4 Rb8 33. Qc5 Rfe8 34. Nxe5 Qb7 35. Rxa7 Qb1+ 36. Kh2 Rb7 37. Rxb7 Qxb7 38. Qxd4 Qc7 39. f4 g5 40. Rh6 Qg7 41. fxg5 Qxg5 42. Ng4 Nh5 43. Nf6+ Nxf6 44. Qxf6 Qe3 45. Qd6 Kg7 46. Rh4 Re5 47. Qd7+ Kf8 48. Qxh7 Rg5 49. Qh8+ Kf7 50. Rh7+ 1-0

[Event "FRA-chT3 North 0304"]
[Site "France"]
[Date "2004.02.01"]
[Round "6.9"]
[White "Vercoutere, Julie"]
[Black "Saoudi, Houria"]
[Result "1-0"]
[WhiteElo "1440"]
[BlackElo "1299"]
[PlyCount "117"]
[EventDate "2003.11.??"]
[EventType "team"]
[EventRounds "9"]
[EventCountry "FRA"]
[SourceTitle "EXT 2006"]
[Source "ChessBase"]
[SourceDate "2005.11.24"]
[SourceVersion "1"]
[SourceVersionDate "2005.11.24"]
[SourceQuality "1"]
[WhiteTeam "Noyon II"]
[BlackTeam "Lille II"]
[WhiteTeamCountry "FRA"]
[BlackTeamCountry "FRA"]

1. e4 e5 2. Nf3 Nc6 3. Bc4 d6 4. h3 Be7 5. c3 Nf6 6. d3 0-0 7. 0-0 Be6 8. Bb3 Na5 9. Bc2 Nc6 10. Nbd2 d5 11. Re1 Bd6 12. d4 Qd7 13. b4 b5 14. a4 a6 15. Bb2 h6 16. dxe5 Nxe5 17. Nxe5 Bxe5 18. Nf3 Bf4 19. g3 Bxh3 20. exd5 Bg5 21. Nxg5 hxg5 22. Bc1 Rfe8 23. Rxe8+ Rxe8 24. Bxg5 Qxd5 25. Qxd5 Nxd5 26. axb5 axb5 27. Bb3 Nxc3 28. Kh2 Bg4 29. Rc1 Ne2 30. Rxc7 Be6 31. Bc2 Rc8 32. Rxc8+ Bxc8 33. Bd3 Nd4 34. Be3 Nc6 35. Bc5 Ba6 36. Kg2 Ne5 37. Be2 Bb7+ 38. Kf1 Ba6 39. Ke1 f6 40. Kd2 Nc4+ 41. Kc3 Kf7 42. Bg4 Bb7 43. Bd7 Ba6 44. Kd4 Na3 45. Bd6 Nc2+ 46. Kc5 Na3 47. Kb6 Nc4+ 48. Kxa6 Nxd6 49. Bxb5 Ne4 50. Bd7 g6 51. Kb6 Nxf2 52. b5 Ne4 53. Kc6 Ke7 54. b6 Nd6 55. g4 f5 56. gxf5 gxf5 57. Bxf5 Nxf5 58. b7 Nd4+ 59. Kb6 1-0

[Event "FRA-chT3 Gr8 0203"]
[Site "France"]
[Date "2003.04.05"]
[Round "8"]
[White "Vercoutere, Julie"]
[Black "Avron, David"]
[Result "0-1"]
[WhiteElo "1440"]
[BlackElo "1910"]
[PlyCount "108"]
[EventDate "2002.10.??"]
[EventType "team"]
[EventRounds "9"]
[EventCountry "FRA"]
[SourceTitle "EXT 2005"]
[Source "ChessBase"]
[SourceDate "2004.11.15"]
[SourceVersion "1"]
[SourceVersionDate "2004.11.15"]
[SourceQuality "1"]

1. e4 c5 2. c3 d5 3. exd5 Qxd5 4. d4 Nf6 5. Be3 cxd4 6. Qxd4 e6 7. Nf3 Nc6 8. Qa4 Bd7 9. Qc2 Be7 10. h3 Rc8 11. Nbd2 0-0 12. Nb3 Ne5 13. Nbd4 Nc4 14. Bg5 e5 15. Nf5 Bxf5 16. Qxf5 Nxb2 17. Qxe5 Nd3+ 18. Bxd3 Qxd3 19. Qe3 Qxc3+ 20. Qxc3 Rxc3 21. 0-0 h6 22. Be3 Bc5 23. Bd2 Rc2 24. Rfb1 b6 25. a4 Ne4 26. Be3 Bxe3 27. fxe3 Rfc8 28. Nd4 R2c5 29. Nb5 Nc3 30. Nxa7 Ra8 31. Rxb6 Rxa7 32. Rb4 Rca5 33. Kf2 Rxa4 34. Rbxa4 Rxa4 35. Rxa4 Nxa4 36. Kf3 Kf8 37. h4 Ke7 38. Kg4 Ke6 39. e4 Ke5 40. Kf3 Nc5 41. g3 Nxe4 42. g4 g5 43. hxg5 hxg5 44. Ke3 Nf6 45. Kf3 Kd4 46. Kg3 Ke3 47. Kh3 Kf3 48. Kh2 Nxg4+ 49. Kh1 Ne5 50. Kg1 g4 51. Kh1 g3 52. Kg1 g2 53. Kh2 Kf2 54. Kh3 g1Q 0-1

[Event "FRA-chT3 Gr8 0203"]
[Site "France"]
[Date "2002.11.16"]
[Round "2"]
[White "Bosch, Joachim"]
[Black "Vercoutere, Julie"]
[Result "1/2-1/2"]
[WhiteElo "1850"]
[BlackElo "1440"]
[PlyCount "110"]
[EventDate "2002.10.??"]
[EventType "team"]
[EventRounds "9"]
[EventCountry "FRA"]
[SourceTitle "EXT 2005"]
[Source "ChessBase"]
[SourceDate "2004.11.15"]
[SourceVersion "1"]
[SourceVersionDate "2004.11.15"]
[SourceQuality "1"]

1. d4 f5 2. c4 Nf6 3. Nc3 g6 4. g3 Bg7 5. Bg2 0-0 6. Nf3 d6 7. 0-0 Qe8 8. d5 e5 9. dxe6 Bxe6 10. Nd4 Bc8 11. Rb1 Nbd7 12. b3 h6 13. Nd5 Nxd5 14. Bxd5+ Kh7 15. Ne6 c6 16. Nxf8+ Qxf8 17. Bg2 Nf6 18. Bb2 Be6 19. Qd4 c5 20. Qd2 Qe7 21. Rfd1 Rd8 22. Qc2 Bf8 23. Qc3 Bg7 24. Qc2 Kg8 25. Rd2 Kf7 26. Rbd1 Bf8 27. Rd3 a6 28. Qc3 Ng4 29. Qd2 b5 30. cxb5 axb5 31. Bd5 Bxd5 32. Rxd5 Qa7 33. h3 Nf6 34. Bxf6 Kxf6 35. Qc3+ Kf7 36. Rxc5 dxc5 37. Rxd8 Qxa2 38. Qd3 c4 39. Qd7+ Be7 40. Qd5+ Kf6 41. Qc6+ Kf7 42. Qe8+ Kf6 43. Qh8+ Kg5 44. f4+ Kh5 45. g4+ fxg4 46. Qe5+ g5 47. hxg4+ Kxg4 48. Qxe7 Qxb3 49. fxg5 Qg3+ 50. Kf1 Qf4+ 51. Ke1 Qg3+ 52. Kd2 Qf4+ 53. Qe3 c3+ 54. Kd3 Qc4+ 55. Kc2 Qa4+ 1/2-1/2

[Event "FRA-ch U14 Girls"]
[Site "Hyeres"]
[Date "2002.??.??"]
[Round "1.8"]
[White "Vercoutere, Julie"]
[Black "Congiu, Mathilde"]
[Result "0-1"]
[WhiteElo "1440"]
[BlackElo "1760"]
[PlyCount "90"]
[EventDate "2002.04.05"]
[EventType "swiss"]
[EventRounds "9"]
[EventCountry "FRA"]
[SourceTitle "EXT 2003"]
[Source "ChessBase"]
[SourceDate "2002.11.25"]
[SourceVersion "1"]
[SourceVersionDate "2002.11.25"]
[SourceQuality "1"]

1. e4 c5 2. c3 g6 3. d4 cxd4 4. cxd4 d5 5. e5 Bg7 6. Nc3 Nc6 7. Be3 Nh6 8. Be2 0-0 9. h3 e6 10. Nf3 Nf5 11. Bf4 a6 12. 0-0 b5 13. a3 Qb6 14. Be3 f6 15. exf6 Bxf6 16. Qd2 Nfxd4 17. Nxd4 Bxd4 18. Bxd4 Qxd4 19. Qc2 Qb6 20. Bg4 Ne5 21. Be2 Ra7 22. Nd1 Rc7 23. Qd2 Nc4 24. Bxc4 bxc4 25. Nc3 Rcf7 26. Rae1 Rf4 27. Qc2 Bb7 28. Na4 Qc6 29. f3 c3 30. b3 d4 31. Rd1 e5 32. Rfe1 R4f5 33. Rc1 Qd6 34. Qd3 Qc7 35. b4 R5f6 36. Nc5 a5 37. Nxb7 Qxb7 38. Rxe5 axb4 39. axb4 Qxb4 40. Re4 Rf4 41. Rxf4 Rxf4 42. Rc2 Rf5 43. Re2 Qb5 44. Qxb5 Rxb5 45. Rc2 Rb2 0-1